Front Office (Record no. 855185)

MARC details
000 -LEADER
fixed length control field 00311nam a2200133Ia 4500
008 - FIXED-LENGTH DATA ELEMENTS--GENERAL INFORMATION
fixed length control field 230818s2006 xx 000 0 und d
041 ## - LANGUAGE CODE
Language code of text/sound track or separate title eng
100 ## - MAIN ENTRY--PERSONAL NAME
Personal name Abbott
245 ## - TITLE STATEMENT
Title Front Office
260 ## - PUBLICATION, DISTRIBUTION, ETC.
Name of publisher, distributor, etc. Himalaya Pub.
Date of publication, distribution, etc. 2006
300 ## - PHYSICAL DESCRIPTION
Extent 211p
520 ## - SUMMARY, ETC.
Summary, etc. General | Hard Board
650 ## - SUBJECT ADDED ENTRY--TOPICAL TERM
Topical term or geographic name entry element Hotel Front office
Holdings
Withdrawn status Lost status Damaged status Not for loan Home library Current library Date acquired Source of acquisition Cost, normal purchase price Total Checkouts Barcode Date last seen Cost, replacement price Price effective from Koha item type
        College of Hotel & Tourism Management Studies, Navi Mumbai College of Hotel & Tourism Management Studies, Navi Mumbai 18/08/2023 Chemtech Book 180.00   HMM-B1633 18/08/2023 225.00 18/08/2023 Book